Britain, India, and the Turkish Empire, 1853-1882 / (Record no. 22246)

MARC details
000 -LEADER
fixed length control field 00940nam a2200289 4500
001 - CONTROL NUMBER
control field 2203838
003 - CONTROL NUMBER IDENTIFIER
control field BDDh-ASL
005 - DATE AND TIME OF LATEST TRANSACTION
control field 20231015030115.0
008 - FIXED-LENGTH DATA ELEMENTS--GENERAL INFORMATION
fixed length control field 740126s1973 ii b b 000 0 eng
010 ## - LIBRARY OF CONGRESS CONTROL NUMBER
LC control number 73903941
040 ## - CATALOGING SOURCE
Original cataloging agency DLC
Transcribing agency DLC
Modifying agency DLC
-- BDDh-ASL
043 ## - GEOGRAPHIC AREA CODE
Geographic area code a-ii---
-- e-uk---
-- a-tu---
050 00 - LIBRARY OF CONGRESS CALL NUMBER
Classification number D376.G7
Item number S5 1973
082 00 - DEWEY DECIMAL CLASSIFICATION NUMBER
Classification number 327.4205
Item number RAB
100 1# - MAIN ENTRY--PERSONAL NAME
Personal name Shukla, Ram Lakhan,
Dates associated with a name 1938-
245 10 - TITLE STATEMENT
Title Britain, India, and the Turkish Empire, 1853-1882 /
260 ## - PUBLICATION, DISTRIBUTION, ETC.
Place of publication, distribution, etc. New Delhi :
Name of publisher, distributor, etc. People's Pub. House,
Date of publication, distribution, etc. [1973]
300 ## - PHYSICAL DESCRIPTION
Extent xi, 262 p. :
Other physical details col. maps.
Dimensions 22 cm.
350 ## - PRICE (NR) (BK AM CF MU VM SE) [OBSOLETE]
Price Rs30.00
500 ## - GENERAL NOTE
General note A revision of the author's thesis, Patna University, 1968.
504 ## - BIBLIOGRAPHY, ETC. NOTE
Bibliography, etc. note Bibliography: p. [243]-249.
650 #0 - SUBJECT ADDED ENTRY--TOPICAL TERM
Topical term or geographic name entry element Eastern question.
651 #0 - SUBJECT ADDED ENTRY--GEOGRAPHIC NAME
Geographic name Great Britain
General subdivision Foreign relations
Chronological subdivision 1837-1901.
651 #0 - SUBJECT ADDED ENTRY--GEOGRAPHIC NAME
Geographic name India
General subdivision History
Chronological subdivision 19th century.
906 ## - LOCAL DATA ELEMENT F, LDF (RLIN)
a 7
b cbc
c orignew
d 4
e ncip
f 19
g y-gencatlg
942 ## - ADDED ENTRY ELEMENTS (KOHA)
Source of classification or shelving scheme Dewey Decimal Classification
Koha item type Books
Holdings
Withdrawn status Lost status Source of classification or shelving scheme Damaged status Not for loan Collection code Home library Current library Shelving location Date acquired Source of acquisition Total Checkouts Full call number Barcode Date last seen Copy number Price effective from Koha item type Public note
    Dewey Decimal Classification Damaged   Non-fiction Asiatic Society Library Asiatic Society Library General Stacks 02/23/2021 ASB Library Collections   327.4205 RAB 106434 02/23/2021 C-1 02/23/2021 Books RARE

Powered by Koha